| 000 | 01041nam a2200301 4500 | ||
|---|---|---|---|
| 003 | EC-UNACH | ||
| 005 | 20260318162112.0 | ||
| 006 | s||||gr|||| 00| 00 | ||
| 008 | 150116t9999 mx r gr 000 0 spa d | ||
| 020 | _a84-7423-015-2 | ||
| 040 |
_aEC-UNACH _cEC-UNACH |
||
| 041 | _aspa | ||
| 050 | _a900 | ||
| 082 | 0 | 4 |
_223 _a900 _bL018644 |
| 100 | _aCarrillo, Santiago. | ||
| 245 | _a"Eurocomunismo" y Estado | ||
| 264 |
_aMadrid, España. _bEditorial Crítica, S.A. _c1977 |
||
| 300 |
_a218 páginas. _c13 x 20 cm. |
||
| 501 | _aIncluye: Índice. | ||
| 505 | _a1. Estado frente a la sociedad -- 2. Los aparatos ideológicos de Estado -- Los aparatos coercitivos del Estado -- 4. El modelo de socialismo democrático -- 5. Las raíces históricas del <<Eurocomunismo>> -- 6. Sobre la dictadura del proletariado. | ||
| 650 | _aCOMUNISMO | ||
| 650 | _aECONOMÍA | ||
| 650 | _aIDEOLOGÍA | ||
| 942 |
_2ddc _c1 |
||
| 999 | _c14441 | ||